000 00791cab a2200193 4500
001 L130543
008 050624n2005 000 0 eng u
035 _a(Sirsi) u130543
041 0 _aeng
245 0 0 _aBenchmark
_bConsiderate Constructors Scheme statistics H2
260 _c2005
490 0 _aContract Journal
_v429(6536) 3 August 2005, 13(1)
520 _aDiscusses by region, the number of women on site and the number of Construction Skills Certification Scheme card holders for the first half of 2005. Also examines the number of accidents and complaints by sector for the same time span.
590 _aIKA160805
650 2 4 _aCONSTRUCTION SKILLS CERTIFICATION SCHEME
651 4 _aUnited Kingdom
_y
690 _aCAREERS, EDUCATION AND TRAINING-RAISING THE RATIO
942 _n0
999 _c75688
_d75688